000 00631nam a2200169 a 4500
008 170119s2015 ||||||||||||||||| || u
020 _a9781446280744
050 _aHM 742 Dah
100 _aDahl, Stephan
245 1 0 _aSocial media marketing: theories and applications
_cBy Stephan Dahl
260 _aLondon
_bSAGE Publications
_c2015
300 _axi, 268p.: ill.
650 0 _aSOCIAL MEDIA
650 _aSOCIAL MEDIA--ECONOMIC ASPECTS
650 _aINTERNET--MARKETING
995 _FCBU-MAIN LIBRARY (Kitwe)
_M1
_UAVAILABLE
_WFeb 24, 2017
_ZMain Library Open Access Collection
999 _c57708
_d57708